[Event "Tourn. n7948"]
[Site "www.chess-mail.com"]
[Date "2015.02.02"]
[Round "1"]
[White "Difficult"]
[Black "Anja"]
[WhiteElo "1880"]
[BlackElo "1970"]
[Result "1-0"]
[Round "1"]
1.Ng1f3 g6
2.d4 Bf8g7
3.c3 d6
4.g3 Bc8g4
5.Bf1g2 Nb8c6
6.O-O Ng8f6
7.Qd1a4 O-O
8.h3 Bg4d7
9.Qa4d1 Rf8e8
10.Bc1g5 h6
11.Bg5xf6 exf6
12.Nb1d2 Qd8c8
13.Kh2 Nc6e7
14.e4 f5
15.Rf1e1 fxe4
16.Nd2xe4 Ne7d5
17.Qd1c2 h5
18.Ne4d2 Bd7f5
19.Qc2b3 Nd5f6
20.Re1xe8 Qc8xe8
21.Ra1e1 Qe8d7
22.Re1e2 c6
23.Qb3d1 Ra8e8
24.Re2xe8 Qd7xe8
25.Nd2c4 { resign }
1-0

[Event "Tourn. n7847"]
[Site "www.chess-mail.com"]
[Date "2015.02.02"]
[Round "1"]
[White "Johnmcbride"]
[Black "Anja"]
[WhiteElo "1760"]
[BlackElo "1820"]
[Result "1-0"]
[Round "1"]
1.e4 Ng8f6
2.d3 e5
3.Ng1f3 Nb8c6
4.c3 d5
5.Bf1e2 dxe4
6.dxe4 Qd8xd1
7.Be2xd1 Nf6xe4
8.O-O Bf8c5
9.Nb1d2 Ne4xd2
10.Bc1xd2 O-O
11.b4 Bc5d6
12.a4 Bc8e6
13.Nf3g5 Be6c4
14.Rf1e1 f6
15.Ng5e4 Ra8d8
16.Ne4xd6 Rd8xd6
17.Bd2e3 a6
18.Be3c5 Rf8d8
19.Bc5xd6 Rd8xd6
20.Bd1e2 Bc4e6
21.b5 axb5
22.axb5 Nc6e7
23.Be2f3 Be6d5
24.Bf3xd5 Ne7xd5
25.Ra1a8 Kf7
26.c4 Nd5f4
27.g3 Nf4e6
28.Re1c1 Ne6d4
29.Rc1a1 Nd4e2
30.Kg2 Ne2d4
31.Ra1d1 Kg6
32.c5 Rd6d5
33.Ra8b8 Rd5xc5
34.Rb8xb7 Nd4xb5
35.Rd1b1 Nb5d4
36.Rb1a1 Nd4e6
37.Ra1a6 Kf7
38.h4 { resign }
1-0

[Event "Tourn. n7999"]
[Site "www.chess-mail.com"]
[Date "2015.02.02"]
[Round "1"]
[White "Anja"]
[Black "Luban"]
[WhiteElo "2000"]
[BlackElo "2130"]
[Result "0-1"]
[Round "1"]
1.d4 d5
2.Bc1f4 e6
3.Ng1f3 c5
4.c4 Ng8f6
5.e3 Nb8c6
6.Nb1c3 a6
7.Bf1e2 h6
8.O-O Bf8e7
9.Nf3e5 Bc8d7
10.Ra1c1 dxc4
11.Ne5xc4 O-O
12.Nc4e5 Nc6xe5
13.dxe5 Nf6h7
14.Nc3e4 Bd7c6
15.Ne4d6 Be7xd6
16.Qd1xd6 Qd8xd6
17.exd6 b6
18.Rf1d1 Bc6d5
19.Be2c4 Nh7f6
20.Bc4xd5 Nf6xd5
21.Bf4g3 Rf8d8
22.e4 Nd5b4
23.a3 Nb4c6
{ resign }
0-1

[Event "Tourn. n7985"]
[Site "www.chess-mail.com"]
[Date "2015.02.02"]
[Round "1"]
[White "Anja"]
[Black "Luban"]
[WhiteElo "2010"]
[BlackElo "2080"]
[Result "0-1"]
[Round "1"]
1.d4 d5
2.c4 e6
3.Bc1f4 Ng8f6
4.e3 a6
5.Nb1c3 c5
6.Ng1f3 h6
7.Bf1d3 Nb8c6
8.O-O dxc4
9.Bd3xc4 cxd4
10.Nf3xd4 Nc6xd4
11.Qd1xd4 Qd8xd4
12.exd4 b5
13.Bc4e2 Bc8b7
14.Rf1d1 Bf8e7
15.Ra1c1 O-O
16.f3 Ra8c8
17.Be2d3 Nf6d5
18.Nc3xd5 Bb7xd5
19.b3 Be7a3
20.Rc1c2 Rc8xc2
21.Bd3xc2 Rf8c8
22.Bc2e4 Bd5xe4
23.fxe4 Rc8c2
24.Rd1d2 Rc2c1
25.Kf2 Rc1h1
{ resign }
0-1

[Event "Tourn. n7973"]
[Site "www.chess-mail.com"]
[Date "2015.02.02"]
[Round "1"]
[White "Anja"]
[Black "Jjmcbride"]
[WhiteElo "1990"]
[BlackElo "1800"]
[Result "0-1"]
[Round "1"]
1.d4 d5
2.Bc1f4 e6
3.e3 a6
4.c4 Bf8b4
5.Nb1c3 Bb4xc3
6.bxc3 c6
7.Ng1f3 f6
8.Bf1e2 Ng8e7
9.c5 b6
10.cxb6 Qd8xb6
11.O-O c5
12.Ra1b1 Qb6a7
13.Qd1b3 Nb8c6
14.Qb3c2 O-O
15.Rb1b2 Ra8b8
16.Rf1b1 Rb8xb2
17.Rb1xb2 c4
18.Bf4d6 Rf8e8
19.Bd6c5 Qa7c7
{ resign }
0-1

[Event "Tourn. n7948"]
[Site "www.chess-mail.com"]
[Date "2015.02.02"]
[Round "1"]
[White "Anja"]
[Black "Falcoale"]
[WhiteElo "1970"]
[BlackElo "1920"]
[Result "0-1"]
[Round "1"]
1.d4 Ng8f6
2.Bc1f4 e6
3.c4 b6
4.Nb1c3 Bc8b7
5.f3 Nb8c6
6.e4 Bf8e7
7.Ng1e2 O-O
8.a3 a6
9.Ne2g3 d6
10.Bf1e2 Qd8c8
11.O-O e5
12.dxe5 dxe5
13.Bf4e3 Rf8d8
14.Qd1e1 Be7d6
15.Ng3f5 Bd6f8
16.Qe1g3 g6
17.Be3h6 Nc6e7
18.Bh6xf8 Kxf8
19.Nf5xe7 Kxe7
20.Ra1d1 Qc8e6
21.Nc3d5 Nf6xd5
22.cxd5 Qe6d6
23.Qg3h4 Kf8
24.Qh4xh7 Qd6f6
25.Qh7h6 Ke7
26.f4 Rd8h8
27.Qh6g5 Qf6xg5
28.fxg5 Rh8d8
29.Be2c4 Rd8d7
30.d6 cxd6
31.Rf1xf7 Ke8
32.Rf7xd7 Kxd7
33.Bc4d5 Bb7xd5
{ resign }
0-1

[Event "Tourn. n8051"]
[Site "www.chess-mail.com"]
[Date "2015.02.02"]
[Round "1"]
[White "Krasin"]
[Black "Sontuozio"]
[WhiteElo "2220"]
[BlackElo "2180"]
[Result "1-0"]
[Round "1"]
1.e4 e6
2.d4 d5
3.e5 c5
4.c3 Nb8c6
5.Ng1f3 Bc8d7
6.Bf1d3 Qd8b6
7.O-O cxd4
8.cxd4 f6
9.Nb1c3 a6
10.Bc1e3 fxe5
11.dxe5 d4
12.Nc3a4 Qb6a7
13.Nf3xd4 Nc6xd4
14.Be3xd4 Qa7b8
15.Na4b6 Bd7c6
16.Qd1h5 Kd8
17.Qh5f7 Bf8e7
18.Qf7xg7 { resign }
1-0

[Event "Tourn. n7999"]
[Site "www.chess-mail.com"]
[Date "2015.02.02"]
[Round "1"]
[White "Picifarkinca"]
[Black "Anja"]
[WhiteElo "2040"]
[BlackElo "2000"]
[Result "1-0"]
[Round "1"]
1.Ng1f3 f5
2.g3 Ng8f6
3.Bf1g2 Nb8c6
4.c4 g6
5.Nb1c3 Bf8g7
6.O-O O-O
7.d4 d6
8.d5 Nc6e5
9.Nf3d2 Qd8e8
10.e4 c6
11.Ra1b1 { resign }
1-0

[Event "Tourn. n7928"]
[Site "www.chess-mail.com"]
[Date "2015.02.02"]
[Round "1"]
[White "Anja"]
[Black "Orhany24"]
[WhiteElo "1930"]
[BlackElo "1870"]
[Result "0-1"]
[Round "1"]
1.d4 d5
2.Ng1f3 Ng8f6
3.e3 Bc8g4
4.h3 Bg4f5
5.c4 e6
6.Nb1c3 Bf8e7
7.b3 O-O
8.Bf1e2 h6
9.O-O Nb8d7
10.Bc1b2 c5
11.Nf3h4 Bf5h7
12.Be2d3 b6
13.Nc3e2 Ra8c8
14.Ra1c1 Nf6e4
15.Nh4f3 f5
16.cxd5 exd5
17.dxc5 bxc5
18.Bd3xe4 fxe4
19.Nf3e5 Nd7xe5
{ resign }
0-1

[Event "Tourn. n7829"]
[Site "www.chess-mail.com"]
[Date "2015.02.02"]
[Round "1"]
[White "Spartacus42"]
[Black "Anja"]
[WhiteElo "1789"]
[BlackElo "1760"]
[Result "1-0"]
[Round "1"]
1.e4 Ng8f6
2.e5 Nf6d5
3.d4 d6
4.Ng1f3 g6
5.Bf1c4 c6
6.exd6 Qd8xd6
7.O-O Bf8g7
8.Bc1g5 O-O
9.h3 Bc8e6
10.Bc4b3 Nb8d7
11.Rf1e1 Nd7f6
12.Qd1d2 Rf8e8
13.c4 Nd5c7
14.Nb1c3 Ra8d8
15.Ra1d1 Qd6b4
16.Qd2f4 Rd8d7
17.Nf3e5 Rd7d6
18.c5 Rd6d8
19.Ne5xf7 Be6xf7
20.Bb3xf7 Kxf7
21.Qf4xc7 Rd8xd4
22.Rd1xd4 Qb4xb2
23.Rd4d3 h6
24.Bg5xf6 Bg7xf6
25.Nc3e4 { resign }
1-0

[Event "Tourn. n7936"]
[Site "www.chess-mail.com"]
[Date "2015.02.02"]
[Round "1"]
[White "Anja"]
[Black "Picifarkinca"]
[WhiteElo "1980"]
[BlackElo "1970"]
[Result "0-1"]
[Round "1"]
1.d4 Ng8f6
2.Bc1f4 d5
3.e3 e6
4.c4 Bf8d6
5.Bf4xd6 Qd8xd6
6.Nb1c3 O-O
7.Ng1f3 Bc8d7
8.c5 Qd6e7
9.Bf1b5 Bd7xb5
10.Nc3xb5 a6
11.Nb5c3 Nb8c6
12.O-O Rf8d8
13.a3 e5
14.Rf1e1 e4
15.Nf3h4 Qe7d7
16.g3 Qd7h3
17.f3 g5
18.Nh4g2 exf3
{ resign }
0-1

[Event "Tourn. n7878"]
[Site "www.chess-mail.com"]
[Date "2015.02.02"]
[Round "1"]
[White "Anja"]
[Black "Julian"]
[WhiteElo "1870"]
[BlackElo "2040"]
[Result "0-1"]
[Round "1"]
1.e4 g6
2.d4 Bf8g7
3.Nb1c3 c5
4.Bc1e3 cxd4
5.Be3xd4 Ng8f6
6.Ng1f3 d6
7.Bf1c4 O-O
8.O-O Qd8c7
9.Bc4b3 Nb8c6
10.Bd4e3 a6
11.Qd1d2 b5
12.Ra1b1 Bc8g4
13.Nf3d4 Nc6xd4
14.Be3xd4 Bg4e6
15.Nc3d5 Be6xd5
16.exd5 Ra8c8
17.Rb1c1 Nf6g4
18.Rf1e1 Ng4e5
19.c4 bxc4
20.Bd4xe5 dxe5
21.Rc1xc4 Qc7d6
22.Re1c1 Rc8xc4
23.Bb3xc4 f5
24.b4 Rf8b8
25.a3 e4
26.Qd2e2 Bg7h6
27.Rc1d1 Bh6f4
28.g3 Bf4g5
29.Bc4xa6 Rb8a8
30.b5 Qd6xa3
31.Qe2c2 e3
32.f4 Bg5f6
33.Qc2c6 Ra8f8
34.Qc6e6 Kg7
35.Rd1e1 Bf6d4
36.Re1e2 Kh6
37.Kg2 Qa3d6
38.Kf3 Rf8f6
39.Qe6xd6 Rf6xd6
40.Ba6b7 e6
41.dxe6 Rd6xe6
42.Bb7c6 Re6e7
43.Re2c2 Bd4b6
44.Ke2 g5
45.fxg5 Kxg5
46.Kf3 h5
47.h3 h4
48.gxh4 Kxh4
{ resign }
0-1

[Event "Tourn. n7959"]
[Site "www.chess-mail.com"]
[Date "2015.02.02"]
[Round "1"]
[White "Anja"]
[Black "Louis"]
[WhiteElo "2000"]
[BlackElo "1910"]
[Result "0-1"]
[Round "1"]
1.d4 Ng8f6
2.Bc1f4 g6
3.e3 Bf8g7
4.c4 O-O
5.Nb1c3 d5
6.Ng1f3 c5
7.Bf1d3 cxd4
8.Nf3xd4 Nb8d7
9.cxd5 Nd7b6
10.Nd4b5 Nf6xd5
11.Bf4g3 a6
12.Nc3xd5 Nb6xd5
13.Nb5d4 e5
14.Nd4f3 Qd8a5
15.Qd1d2 Qa5xd2
16.Nf3xd2 Bc8e6
17.O-O Rf8d8
18.Bd3c4 Nd5xe3
19.fxe3 Rd8xd2
20.Bc4xe6 fxe6
21.b3 Bg7h6
{ resign }
0-1

[Event "Tourn. n7948"]
[Site "www.chess-mail.com"]
[Date "2015.02.02"]
[Round "1"]
[White "Picifarkinca"]
[Black "Anja"]
[WhiteElo "1990"]
[BlackElo "1960"]
[Result "1-0"]
[Round "1"]
1.Ng1f3 g6
2.d4 Bf8g7
3.c4 c5
4.e4 Nb8c6
5.d5 Nc6d4
6.Nb1c3 d6
7.Bf1e2 Nd4xe2
8.Qd1xe2 e6
9.O-O Ng8e7
10.dxe6 Bc8xe6
11.Nc3d5 h6
12.Rf1d1 O-O
13.Ra1b1 Ne7c6
14.Bc1f4 Nc6e5
15.Nf3xe5 { resign }
1-0

[Event "Match"]
[Site "www.echecsemail.com"]
[Date "2015.02.02"]
[Round "1"]
[White "Harrytheking"]
[Black "Reanna"]
[WhiteElo "1730"]
[BlackElo "1710"]
[Result "1-0"]
[Round "1"]
1.c4 e5
2.e4 Ng8f6
3.d3 Bf8b4
4.Bc1d2 Qd8e7
5.a3 Bb4xd2
6.Nb1xd2 O-O
7.Bf1e2 Rf8e8
8.h3 Nb8c6
9.Ng1f3 Nc6d4
10.Nf3xd4 exd4
11.O-O c5
12.Nd2b3 b6
13.Be2f3 Bc8b7
14.Rf1e1 Qe7d8
15.e5 Bb7xf3
16.Qd1xf3 Ra8b8
17.exf6 Qd8xf6
18.Qf3xf6 Re8xe1
19.Ra1xe1 gxf6
20.a4 a5
21.Nb3d2 Kf8
22.g4 Rb8b7
23.f4 Kg7
24.f5 h6
25.Nd2e4 Rb7b8
26.Ne4d6 Rb8h8
27.Re1e7 h5
28.Re7xf7 Kh6
29.Rf7xf6 Kg5
30.Rf6g6 Kf4
31.f6 h4
32.f7 Ke3
33.Rg6g8 Rh8h6
34.Nd6f5 Kxd3
35.Nf5xh6 Kxc4
36.f8Q d3
37.Qf8f4 Kb3
38.Qf4d2 c4
39.Qd2c3 Ka2
40.Qc3a3 Kb1
41.Rg8f8 d2
42.Rf8f1 d1Q
43.Rf1xd1 Kc2
44.Rd1f1 d5
45.Rf1f2 Kd1
46.Qa3a1 { resign }
1-0

[Event "Match"]
[Site "www.echecsemail.com"]
[Date "2015.02.02"]
[Round "1"]
[White "Harrytheking"]
[Black "Darknight"]
[WhiteElo "1750"]
[BlackElo "1790"]
[Result "0-1"]
[Round "1"]
1.c4 e5
2.e4 Bf8c5
3.Ng1h3 h6
4.Nb1c3 c6
5.Bf1e2 Qd8f6
6.O-O g6
7.Nc3a4 d6
8.Na4xc5 dxc5
9.b3 h5
10.d3 Qf6g7
11.Bc1b2 Bc8xh3
12.gxh3 Nb8d7
13.Be2f3 Ng8f6
14.Bf3g2 h4
15.Bb2c1 O-O-O
16.a4 a5
17.Bc1g5 Rd8g8
18.f4 Rh8h5
19.Bg2f3 Rh5h8
20.Rf1f2 Nf6h7
21.Bg5xh4 f6
22.Rf2g2 g5
23.fxg5 fxg5
24.Qd1d2 Nd7f8
25.Bf3g4 Kb8
26.Bh4f2 Nh7f6
27.Bg4f5 Nf8g6
28.Rg2xg5 Qg7h6
29.Bf2e3 Ng6f4
30.Rg5g3 Rg8xg3
31.hxg3 Nf4xh3
32.Kg2 Qh6h5
33.Kf1 Nh3f4
34.g4 Qh5h1
35.Be3g1 Qh1f3
36.Bg1f2 Rh8h1

0-1

[Event "Match"]
[Site "www.echecsemail.com"]
[Date "2015.02.02"]
[Round "1"]
[White "Maestro"]
[Black "Generalfree"]
[WhiteElo "1940"]
[BlackElo "1870"]
[Result "1-0"]
[Round "1"]
1.d4 d5
2.c4 dxc4
3.Nb1c3 c6
4.a4 g6
5.e4 Bf8g7
6.Ng1f3 Bc8g4
7.Bf1xc4 Bg7xd4
8.Bc1e3 Bd4xc3
9.bxc3 Qd8xd1
10.Ra1xd1 Ng8f6
11.h3 Bg4d7
12.Nf3d2 b5
13.axb5 cxb5
14.Bc4e2 a6
15.O-O Bd7c6
16.Be2f3 e5
17.Be3h6 Nb8d7
18.Rf1e1 Nd7c5
19.Bh6g7 O-O-O
20.Bg7xf6 Nc5d3
21.Re1e2 Nd3f4
22.Re2e3 Rd8xd2
23.Rd1xd2 Rh8e8
24.Bf3g4 Kb7
25.g3 Nf4e6
26.Bg4xe6 Re8xe6
27.Bf6d8 { resign }
1-0

[Event "Match"]
[Site "www.echecsemail.com"]
[Date "2015.02.02"]
[Round "1"]
[White "Apdash"]
[Black "Micheles"]
[WhiteElo "2160"]
[BlackElo "2530"]
[Result "0-1"]
[Round "1"]
1.d4 Ng8f6
2.c4 g6
3.Nb1c3 d5
4.Ng1f3 Bf8g7
5.cxd5 Nf6xd5
6.e4 Nd5xc3
7.bxc3 c5
8.Bc1e3 Qd8a5
9.Qd1d2 O-O
10.Bf1e2 Nb8c6
11.Ra1c1 cxd4
 { time }
0-1

[Event "Match"]
[Site "www.echecsemail.com"]
[Date "2015.02.02"]
[Round "1"]
[White "Johnmcbride"]
[Black "Generalfree"]
[WhiteElo "1800"]
[BlackElo "1770"]
[Result "1-0"]
[Round "1"]
1.e4 e5
2.d3 h6
3.h3 b6
4.c4 Bf8c5
5.Ng1f3 f6
6.a3 Bc8b7
7.b4 Bc5e7
8.Bf1e2 g5
9.Nb1c3 c6
10.O-O d6
11.Bc1e3 Nb8d7
12.a4 h5
13.b5 c5
14.Nc3d5 Bb7xd5
15.cxd5 Be7f8
16.Nf3d2 Qd8e7
17.Be2xh5 Kd8
18.Nd2c4 Qe7h7
19.Bh5g4 Ng8h6
20.Bg4e6 Bf8e7
21.a5 bxa5
22.Ra1xa5 Kc7
23.Qd1a4 Rh8b8
24.Ra5xa7 Ra8xa7
25.Qa4xa7 Rb8b7
26.Qa7a5 Kb8
27.Be6xd7 Rb7xd7
28.Rf1a1 { resign }
1-0

[Event "Match"]
[Site "www.echecsemail.com"]
[Date "2015.02.02"]
[Round "1"]
[White "Dominiquer"]
[Black "Fred"]
[WhiteElo "1780"]
[BlackElo "2000"]
[Result "0-1"]
[Round "1"]
1.e4 e5
2.d4 exd4
3.c3 dxc3
4.Bf1c4 Bf8c5
5.Qd1d5 Qd8e7
6.Qd5xf7 Qe7xf7
7.Bc4xf7 Kxf7
8.Nb1xc3 d6
9.Ng1e2 Ng8f6
10.Nc3d5 Rh8f8
11.Nd5xc7 Nf6xe4
12.O-O Bc8g4
13.Ne2c3 Ne4xf2
14.Bc1f4 Kg8
15.g3 Nf2d3
16.Kg2 Nb8c6
17.Nc7xa8 Rf8xa8
18.Nc3b5 Nc6e5
19.h3 Bg4d7
20.Nb5c7 Bd7c6
21.Kh2 Ra8f8
22.Bf4xe5 Nd3xe5
23.Nc7e6 Ne5f3
24.Rf1xf3 Rf8xf3
25.Ne6xc5 dxc5
26.b3 Kf7
27.g4 Kf6
28.Ra1c1 b6
{ resign }
0-1

[Event "Match"]
[Site "www.echecsemail.com"]
[Date "2015.02.02"]
[Round "1"]
[White "Gmi42"]
[Black "Fractal"]
[WhiteElo "1809"]
[BlackElo "1930"]
[Result "1-0"]
[Round "1"]
1.e4 d5
2.exd5 Qd8xd5
3.Nb1c3 Qd5d6
4.d4 Ng8f6
5.Bf1c4 c6
6.Ng1f3 Bc8g4
7.Bc4xf7 Kxf7
8.Nf3e5 Qd6xe5
9.dxe5 Bg4xd1
10.Kxd1 Nf6d5
11.Nc3e4 h6
12.f4 g6
13.Ke2 Ke6
14.c4 Nd5b6
15.Ne4c5 Kf5
16.h3 g5
17.g4 Kg6
18.f5 Kf7
19.b3 Nb8a6
20.e6  { time }
1-0

[Event "Match"]
[Site "www.echecsemail.com"]
[Date "2015.02.02"]
[Round "1"]
[White "Anja"]
[Black "Picifarkinca"]
[WhiteElo "1850"]
[BlackElo "1890"]
[Result "0-1"]
[Round "1"]
1.d4 Ng8f6
2.c4 e6
3.Nb1c3 Bf8b4
4.a3 Bb4xc3
5.bxc3 d5
6.e3 O-O
7.Ng1f3 Nb8d7
8.Bf1d3 c5
9.O-O b6
10.Bc1d2 Bc8b7
11.cxd5 Bb7xd5
12.Rf1e1 Nf6e4
13.Qd1c2 f5
14.Ra1d1 c4
15.Bd3e2 Qd8c7
16.Nf3h4 Nd7f6
17.f3 Ne4g3
18.hxg3 Qc7xg3
19.Nh4xf5 exf5
20.Qc2xf5 Qg3d6
21.e4 Nf6xe4
22.Qf5e5 Qd6xe5
23.dxe5 Ne4g3
24.Bd2f4 Ng3xe2
25.Re1xe2 Bd5xf3
26.gxf3 Rf8xf4
27.Re2e3 Ra8f8
28.Kg2 Rf4f7
29.Rd1d4 Rf7c7
30.Re3e4 Rf8c8
31.e6 Kf8
32.f4 g6
33.Kf3 Ke7
34.Kg4 Kf6
35.Rd4d7 Rc7xd7
36.exd7 Rc8d8
{ resign }
0-1

[Event "Match"]
[Site "www.echecsemail.com"]
[Date "2015.02.02"]
[Round "1"]
[White "Calponas"]
[Black "Georgepapi"]
[WhiteElo "2050"]
[BlackElo "1860"]
[Result "0-1"]
[Round "1"]
1.c4 Ng8f6
2.Nb1c3 g6
3.d4 Bf8g7
4.e4 d6
5.Ng1f3 O-O
6.Bf1e2 Nb8d7
7.d5 c6
8.Bc1g5 Nd7c5
9.Nf3d2 e6
10.b4 Nc5d7
11.f4 exd5
12.cxd5 h6
13.Bg5xf6 Nd7xf6
14.Ra1c1 Rf8e8
15.O-O Qd8b6
16.Kh1 Qb6xb4
17.Qd1b3 Qb4xb3
18.axb3 Bc8d7
19.Be2f3 Ra8c8
20.Nd2c4 Bg7f8
21.Rf1d1 b5
22.Nc4e3 b4
23.Nc3a4 Nf6xe4
24.Bf3xe4 Re8xe4
25.Rd1d3 Re4xf4
26.Kg1 c5
27.Na4b2 Bd7b5
28.Nb2c4 Rc8e8
29.Rc1a1 a6
30.g3 Rf4e4
31.Kf2 f5
32.Ra1f1 Kh7
33.h4 f4
34.gxf4 Re4xf4
35.Kg3 Re8xe3
36.Nc4xe3 Rf4xf1
{ resign }
0-1

[Event "Match"]
[Site "www.echecsemail.com"]
[Date "2015.02.02"]
[Round "1"]
[White "Udo"]
[Black "Gavroche"]
[WhiteElo "1580"]
[BlackElo "1760"]
[Result "0-1"]
[Round "1"]
1.e4 e5
2.Ng1f3 Nb8c6
3.g3 Ng8f6
4.Qd1e2 Bf8c5
5.c3 O-O
6.Qe2c4 d6
7.Qc4b3 a6
8.Bf1c4 Nc6a5
9.Qb3a4 b5
10.Qa4xa5 bxc4
11.Qa5a4 Bc8e6
12.b4 Bc5b6
13.h3 Nf6xe4
14.Qa4c6 Ne4xf2
15.Rh1h2 Nf2d3
16.Kd1 a5
17.a3 axb4
18.cxb4 Be6d7
19.Qc6d5 Bd7e6
20.Qd5b5 Qd8c8
21.Qb5c6 Be6xh3
22.Nf3e1 Qc8g4
23.Qc6f3 Bb6g1
24.Rh2h1 Nd3f2
25.Kc2 Nf2xh1
26.Qf3xh1 Qg4xg3
27.Nb1c3 Bh3f5
28.Kd1 Bg1d4
29.Bc1b2 Qg3g4
30.Kc1 Ra8b8
31.Ra1a2 c5
32.bxc5 dxc5
33.a4 Qg4g5
34.Nc3d5 Bd4xb2
35.Ra2xb2 Rb8xb2
36.Kxb2 Qg5xd2
37.Ne1c2 Qd2xc2
38.Ka1 Rf8b8
39.Nd5e7 Kf8
40.Ne7c6 Qc2b2
{ resign }
0-1

[Event "Match"]
[Site "www.echecsemail.com"]
[Date "2015.02.02"]
[Round "1"]
[White "Gambitmiau"]
[Black "Gilliere"]
[WhiteElo "1800"]
[BlackElo "1850"]
[Result "0-1"]
[Round "1"]
1.e4 e5
2.d4 exd4
3.c3 dxc3
4.Bf1c4 cxb2
5.Bc1xb2 Nb8c6
6.Qd1f3 Qd8e7
7.Ng1h3 h6
8.O-O d6
9.Nh3f4 Ng8f6
10.Nb1d2 Bc8g4
11.Qf3b3 Ra8b8
12.Bc4b5 Bg4d7
13.Ra1c1 Nc6a5
14.Bb5xd7 Nf6xd7
15.Qb3c3 Na5c6
16.Nf4d5 Qe7d8
17.Nd2f3 Nd7e5
18.Nf3xe5 Nc6xe5
19.Nd5xc7 Kd7
20.Nc7d5 f6
21.Qc3c7 Qd8xc7
22.Nd5xc7 Ne5d3
23.Rc1c2 Nd3xb2
24.Nc7b5 Nb2d3
25.Rc2d2 Nd3e5
26.Rf1d1 Ne5c4
27.Rd2d5 a6
28.Nb5d4 g6
29.Nd4b3 Bf8e7
30.Nb3c5 Kc6
31.Rd1c1 dxc5
32.Rc1xc4 Rh8d8
33.Rd5xd8 Rb8xd8
34.f3 Rd8d1
35.Kf2 Rd1d2
36.Kg3 Rd2xa2
37.h4 b5
38.Rc4c1 Be7d6
39.f4 g5
40.Kf3 Bd6xf4
41.Rc1g1 c4
42.g3 Ra2a3
43.Kg4 Ra3xg3
44.Rg1xg3 Bf4xg3
45.Kxg3 gxh4
46.Kxh4 c3
{ resign }
0-1

[Event "Match"]
[Site "www.echecsemail.com"]
[Date "2015.02.02"]
[Round "1"]
[White "E4player"]
[Black "Gilliere"]
[WhiteElo "1809"]
[BlackElo "1880"]
[Result "1-0"]
[Round "1"]
1.e4 e5
2.Ng1f3 d6
3.Bf1c4 h6
4.Nb1c3 Ng8f6
5.d4 exd4
6.Nf3xd4 Nb8d7
7.O-O a6
8.a4 Bf8e7
9.h3 Nd7e5
10.Bc4a2 c5
11.Nd4f5 Bc8xf5
12.exf5 c4
13.Bc1e3 d5
14.Be3d4 Ne5c6
15.Bd4xf6 Be7xf6
16.Rf1e1 Kf8
17.Nc3xd5 Bf6xb2
18.Ra1b1 c3
19.Nd5b6 Qd8xb6
20.Qd1d7 Nc6d8
21.Re1e8 
1-0

[Event "Match"]
[Site "www.echecsemail.com"]
[Date "2015.02.02"]
[Round "1"]
[White "Krystek23"]
[Black "Apoorva"]
[WhiteElo "2320"]
[BlackElo "2130"]
[Result "1-0"]
[Round "1"]
1.Ng1f3 d5
2.g3 c6
3.d4 Nb8d7
4.Bf1g2 Qd8c7
5.Bc1f4 Qc7b6
6.b3 e6
7.c3 Ng8f6
8.O-O c5
9.e3 Bf8e7
10.Rf1e1 cxd4
11.exd4 Nf6h5
12.Bf4c1 g6
13.Bc1a3 Be7xa3
14.Nb1xa3 O-O
15.c4 dxc4
16.Na3xc4 Qb6a6
17.Qd1d2 Nd7f6
18.a4  { time }
1-0

[Event "Match"]
[Site "www.echecsemail.com"]
[Date "2015.02.02"]
[Round "1"]
[White "Generalfree"]
[Black "Zazi"]
[WhiteElo "1770"]
[BlackElo "1550"]
[Result "1-0"]
[Round "1"]
1.e4 d5
2.exd5 Qd8xd5
3.d4 e5
4.Ng1f3 Qd5e4
5.Bf1e2 Nb8c6
6.O-O Nc6xd4
7.Be2d3 Qe4d5
8.Rf1e1 Nd4xf3
9.gxf3 Bc8h3
10.Nb1c3 Qd5d4
11.Nc3b5 Qd4c5
12.Bc1e3 Qc5c6
13.Be3d4 f6
14.a4 O-O-O
15.Nb5xa7 Kb8
16.Na7xc6 bxc6
17.Bd4e3 g5
18.b4 Ng8e7
19.c4 Bh3e6
20.Qd1c2 h5
21.b5 g4
22.bxc6 gxf3
23.Qc2b3 Kc8
24.Qb3b7 
1-0

[Event "Match"]
[Site "www.echecsemail.com"]
[Date "2015.02.02"]
[Round "1"]
[White "Umzi"]
[Black "Neo"]
[WhiteElo "2130"]
[BlackElo "1810"]
[Result "1-0"]
[Round "1"]
1.e4 e6
2.d4 c6
3.Ng1f3 d5
4.e5 g6
5.Bf1e2 Bf8g7
6.O-O Ng8e7
7.Bc1g5 O-O
8.Qd1d2 Qd8c7
9.Be2d3 Ne7f5
10.Bd3xf5 exf5
11.Bg5h6 Rf8e8
12.Rf1e1 Bc8e6
13.Bh6xg7 Kxg7
14.Nf3g5 Qc7e7
15.Ng5xe6 Qe7xe6
16.Re1e3 b6
17.Re3h3 h5
18.Qd2g5 Re8h8
19.Nb1d2 Nb8d7
20.Nd2f3 c5
21.c3 a5
22.Nf3h4 cxd4
23.cxd4 Ra8c8
24.Rh3f3 Rc8c4
25.Rf3f4 Nd7xe5
26.Nh4xf5 Kf8
27.Qg5d8 Qe6e8
28.Qd8d6 Kg8
29.Nf5e7 Kh7
30.Qd6xe5 Rc4c7
31.Qe5xc7 Rh8f8
32.g4 hxg4
33.Rf4xg4 Qe8b5
34.Rg4h4 Kg7
35.Qc7e5 f6
36.Qe5e3 Qb5xb2
37.Ra1e1 g5
38.Ne7f5 Kg6
39.Rh4h6 Kxf5
40.Qe3e6 Kf4
41.Rh6xf6 Rf8xf6
42.Qe6xf6 Kg4
43.Re1e3 Qb2b1
44.Kg2 Qb1b4
45.Qf6f3 Kh4
46.Qf3h3 
1-0

[Event "Match"]
[Site "www.echecsemail.com"]
[Date "2015.02.02"]
[Round "1"]
[White "Georgepapi"]
[Black "Blackpool"]
[WhiteElo "1720"]
[BlackElo "1720"]
[Result "0-1"]
[Round "1"]
1.e4 e6
2.d4 d5
3.Nb1c3 dxe4
4.Nc3xe4 Nb8d7
5.Ng1f3 Ng8f6
6.Bf1d3 Nf6xe4
7.Bd3xe4 Nd7f6
8.Bc1g5 Bf8e7
9.Bg5xf6 Be7xf6
10.O-O c6
11.Qd1d3 g6
12.Ra1d1 O-O
13.Rf1e1 Qd8c7
14.c3 b6
15.h3 Bc8b7
16.Nf3e5 Rf8d8
17.Qd3g3 Bf6xe5
18.dxe5 c5
19.Be4xb7 Qc7xb7
20.Rd1d6 Qb7c7
21.Re1d1 Ra8c8
22.Qg3d3 Rd8xd6
23.exd6 Qc7d7
24.Qd3a6 Rc8c6
25.Qa6d3 Kg7
26.b4 cxb4
27.cxb4 e5
28.b5 Rc6c5
29.a4 f6
30.Rd1e1 f5
31.h4 Kf7
32.Qd3b3 Qd7e6
33.Qb3xe6 Kxe6
34.d7 Kxd7
35.Re1d1 Ke6
36.Rd1d8 Rc5c4
37.Rd8h8 h5
38.Rh8g8 Kf7
39.Rg8d8 Rc4xa4
40.Kh2 Ra4xh4
41.Kg3 Rh4a4
{ resign }
0-1

[Event "Match"]
[Site "www.echecsemail.com"]
[Date "2015.02.02"]
[Round "1"]
[White "Jpjohnston"]
[Black "Markos123"]
[WhiteElo "2020"]
[BlackElo "1800"]
[Result "0-1"]
[Round "1"]
1.e4 a6
2.d4 d5
3.e5 Bc8f5
4.Ng1f3 e6
5.Bf1d3 h6
6.Bd3xf5 g6
7.Bf5d3 c6
8.O-O Ng8e7
9.Nb1c3 Ne7f5
10.Bd3xf5 gxf5
11.Nc3e2 Nb8d7
12.Bc1f4 Qd8b6
13.b3 O-O-O
14.h3 f6
15.exf6 Nd7xf6
16.Bf4e5 Bf8e7
17.Ne2f4 Rh8g8
18.Nf4xe6 Rd8e8
19.Qd1d3 Nf6e4
 { time }
0-1

[Event "Match"]
[Site "www.echecsemail.com"]
[Date "2015.02.02"]
[Round "1"]
[White "Apdash"]
[Black "Comrade"]
[WhiteElo "2140"]
[BlackElo "2160"]
[Result "0-1"]
[Round "1"]
1.d4 d5
2.Ng1f3 Ng8f6
3.c4 dxc4
4.Nb1c3 e6
5.e4 a6
6.Bf1xc4 b5
7.Bc4d3 c5
8.dxc5 Bf8xc5
 { time }
0-1

[Event "Match"]
[Site "www.echecsemail.com"]
[Date "2015.02.02"]
[Round "1"]
[White "E4player"]
[Black "Fkarpov"]
[WhiteElo "1809"]
[BlackElo "2000"]
[Result "1-0"]
[Round "1"]
1.e4 c5
2.Nb1c3 Nb8c6
3.Ng1e2 e6
4.d4 cxd4
5.Ne2xd4 Qd8a5
6.Nd4b5 Bf8b4
7.Bf1e2 a6
8.Nb5d6 Kf8
9.Nd6c4 Bb4xc3
10.bxc3 Qa5xc3
11.Kf1 Nc6d4
12.Bc1b2 { resign }
1-0

[Event "Match"]
[Site "www.echecsemail.com"]
[Date "2015.02.02"]
[Round "1"]
[White "Harrytheking"]
[Black "Generalfree"]
[WhiteElo "1730"]
[BlackElo "1900"]
[Result "1-0"]
[Round "1"]
1.c4 Ng8f6
2.Ng1f3 e6
3.a3 a5
4.Nb1c3 Bf8c5
5.e3 c6
6.Bf1e2 d6
7.Nc3a4 Bc5a7
8.b3 h6
9.Bc1b2 e5
10.d3 g5
11.h3 Nb8d7
12.O-O b6
13.Rf1e1 b5
14.cxb5 cxb5
15.Na4c3 b4
16.Nc3e4 Nf6xe4
17.dxe4 Nd7f6
18.Qd1d3 O-O
19.axb4 axb4
20.Re1d1 Nf6e8
21.Nf3xe5 Qd8f6
22.Ne5c4 Qf6e6
23.Be2g4 Qe6e7
24.Bg4xc8 Ra8xc8
25.Bb2d4 Ba7b8
26.Nc4b6 Rc8c6
27.Nb6d5 Qe7d8
28.Nd5xb4 Rc6c8
29.Nb4d5 f6
30.b4 Rf8f7
31.Bd4b6 Qd8d7
32.Bb6a5 h5
33.b5 Rc8c5
34.b6 g4
35.hxg4 Qd7xg4
36.f3 Qg4g3
37.Ba5e1 Qg3g5
38.Ra1a8 Rf7g7
39.g3 Rg7b7
40.f4 Qg5g4
41.Ra8a2 h4
42.Ra2g2 h3
43.Rg2h2 Ne8g7
44.Nd5xf6 { resign }
1-0

[Event "Match"]
[Site "www.echecsemail.com"]
[Date "2015.02.02"]
[Round "1"]
[White "Nugun"]
[Black "4knights"]
[WhiteElo "1729"]
[BlackElo "1499"]
[Result "0-1"]
[Round "1"]
1.e4 e5
2.Ng1f3 Ng8f6
3.Bf1c4 Nb8c6
4.O-O Nf6xe4
5.d3 Ne4f6
6.Nf3g5 d5
7.Bc4b3 Bf8c5
8.Nb1c3 O-O
9.Qd1f3 Nc6d4
10.Qf3g3 Rf8e8
11.Bc1e3 c6
12.Nc3a4 Nd4e2
13.Kh1 Ne2xg3
14.hxg3 Bc5d6
15.f4 e4
16.Rf1e1 h6
17.Ng5h3 Nf6h5
18.dxe4 Nh5xg3
19.Kh2 Qd8h4
20.Kg1 Bc8xh3
21.Be3f2 Bd6xf4
22.exd5 Qh4g4
23.gxh3 Ng3e2
24.Kh1 Qg4xh3

0-1